000 00660nam a2200253Ia 4500
003 OSt
005 20221007062254.0
006 a|||||r|||| 00| 0
007 ta
008 221006b |||||||| |||| 00| 0 eng d
020 _cRs. 150/-
024 _a23,711
037 _cTextual
040 _aFLL
_cFLL
_beng
041 _2eng
_aeng
082 _aZ2,135q, M4
100 _aDewan V.K.
_9264871
245 0 _aLaw of citizenship foreigners and passports
250 _a1st
260 _aAllahabad
_bG.D. Kataria India
_c1984
300 _axxxi,1-782
_ccm.
942 _hZ2,135q, M4
_cTEXL
_2CC
999 _c1128180
_d1128180